00460 2200181 4500001002100000005001500021008004100036020002200077035001900099082001000118090001600128100001900144245004400163250001000207260002200217300001800239650002100257INLIS00000000002503620241224131838241224||||||||| | ||| |||| ||  a978-979-045-816-1 0010-12240250360 a741.5 a741.5 NEL i0 aNelfi Syafrina00aTeka - Teki Hari Ceria Islam Idul Fitri aCet.1 bTiga Anandac2015 a16 hlm: 26 cm 0acerita bergambar